000 00421nam a2200169Ia 4500
003 OSt
005 20230609133300.0
008 210423s2005 xx 000 0 und d
040 _cAL
082 _a158.3 KHWY
_223
100 _aKHWAJA (Ali).
_9123228
245 _aYou too can reach out.
260 _aBangalore
_bBanjara Acdemy
_c2005
365 _cINR
906 _acan ; out. ; reach ; too ; You
942 _2ddc
_cBK
999 _c174228
_d174228